[Event "Barcelona Segura Memorial 2nd"]
[Site "Barcelona"]
[Date "2022.11.23"]
[Round "8"]
[White "Agut Alvarez, Josep Lluis"]
[Black "Daguro Dasalla, Armando"]
[Result "0-1"]
[WhiteElo "1641"]
[BlackElo "1890"]
[PlyCount "86"]
[EventDate "2022.09.28"]
[EventType "swiss"]
[EventRounds "9"]
[EventCountry "ESP"]
[SourceTitle "EXT 2024"]
[Source "ChessBase"]
[SourceDate "2023.10.10"]
[SourceVersion "1"]
[SourceVersionDate "2023.10.10"]
[SourceQuality "1"]

1. d4 Nf6 2. Nf3 g6 3. e3 Bg7 4. Bd3 b6 5. Nbd2 Bb7 6. e4 0-0 7. c3 d6 8. Qe2 Nfd7 9. 0-0 e5 10. Nb3 Nc6 11. Ba6 Bxa6 12. Qxa6 exd4 13. cxd4 Nb4 14. Qc4 a5 15. a3 Na6 16. Bg5 Qc8 17. Bf4 Qb7 18. Rfe1 Nf6 19. Qc2 Rfe8 20. Nbd2 Nh5 21. Be3 c5 22. d5 b5 23. Rab1 Rac8 24. Rec1 Qd7 25. Qd1 Nf6 26. Qc2 Qe7 27. Bg5 h6 28. Bxf6 Bxf6 29. Re1 Qb7 30. Nf1 Nc7 31. Qd2 Bg7 32. Nh4 b4 33. f3 Nb5 34. a4 Nd4 35. Ne3 Qe7 36. Qf2 c4 37. Rec1 Nb3 38. Rxc4 Rxc4 39. Nxc4 Bd4 40. Ne3 Qa7 41. Re1 Rc8 42. Qe2 Rc1 43. Rxc1 Nxc1 0-1

[Event "Barcelona Sant Marti op 9th"]
[Site "Barcelona"]
[Date "2020.01.16"]
[Round "1"]
[White "Agut Alvarez, Josep Lluis"]
[Black "Barbero Sendic, Alejandro"]
[Result "0-1"]
[WhiteElo "1707"]
[BlackElo "2308"]
[PlyCount "70"]
[EventDate "2020.01.16"]
[EventType "swiss"]
[EventRounds "9"]
[EventCountry "ESP"]
[SourceTitle "CBM 195 Extra"]
[Source "ChessBase"]
[SourceDate "2020.05.31"]
[SourceVersion "1"]
[SourceVersionDate "2020.05.31"]
[SourceQuality "1"]

1. g3 d5 2. Bg2 e5 3. d3 Nf6 4. Nf3 Nc6 5. 0-0 h6 6. c4 dxc4 7. Qa4 Bd7 8. Qxc4 Bd6 9. Nbd2 0-0 10. Qc2 Re8 11. a3 a5 12. Re1 a4 13. Nb1 Be6 14. Be3 Qe7 15. Nc3 Na5 16. Nd2 Nb3 17. Nxb3 Bxb3 18. Qc1 c6 19. Ne4 Nxe4 20. Bxe4 Qe6 21. Bc5 Bc7 22. Bb4 f5 23. Bg2 Rad8 24. Bc3 Bb6 25. Bb4 e4 26. Bf1 e3 27. f3 f4 28. g4 h5 29. Bh3 Qf6 30. Bc3 Qh4 31. Kg2 Be6 32. Rg1 hxg4 33. Bxg4 Bxg4 34. fxg4 Qf2+ 35. Kh1 Qxe2 0-1

[Event "Barcelona Tres Peons-A 20th"]
[Site "Barcelona"]
[Date "2018.02.21"]
[Round "7.9"]
[White "Agut Alvarez, Josep Lluis"]
[Black "Planella Sanchez, Jordi"]
[Result "0-1"]
[WhiteElo "1727"]
[BlackElo "1955"]
[PlyCount "89"]
[EventDate "2018.01.10"]
[EventType "swiss"]
[EventRounds "9"]
[EventCountry "ESP"]
[SourceTitle "EXT 2024"]
[Source "ChessBase"]
[SourceDate "2023.10.10"]
[SourceVersion "1"]
[SourceVersionDate "2023.10.10"]
[SourceQuality "1"]

1. g3 h5 2. Nf3 d5 3. d3 Nc6 4. Bg2 Bf5 5. c4 e6 6. Nbd2 Bc5 7. Qa4 Qd7 8. 0-0 0-0-0 9. Nb3 Bd6 10. Nbd4 Nge7 11. Nxf5 Nxf5 12. cxd5 exd5 13. Bh3 d4 14. Nh4 g6 15. Qb5 a6 16. Nxf5 axb5 17. Nxd6+ cxd6 18. Bxd7+ Kxd7 19. Bg5 Ra8 20. Rfc1 Ke6 21. a3 f6 22. Bd2 Kd5 23. Kg2 Rhe8 24. Re1 Ra4 25. h4 f5 26. Rac1 Re7 27. Kf3 Ra8 28. Bg5 Re6 29. Bf4 Re7 30. Bg5 Rc7 31. Bf4 Rac8 32. Kg2 b4 33. axb4 Nxb4 34. Rxc7 Rxc7 35. Rc1 Rc2 36. Rxc2 Nxc2 37. Bd2 Na1 38. Kf3 Ke5 39. Bf4+ Kd5 40. Bd2 Nb3 41. Bb4 Ke5 42. e3 Nc1 43. exd4+ Kxd4 44. Bxd6 Nxd3 45. Bf8 0-1

[Event "Barcelona Tres Peons-A 20th"]
[Site "Barcelona"]
[Date "2018.01.31"]
[Round "4.6"]
[White "Agut Alvarez, Josep Lluis"]
[Black "Prats Rodriguez, Juan Bosco"]
[Result "0-1"]
[WhiteElo "1727"]
[BlackElo "1986"]
[PlyCount "116"]
[EventDate "2018.01.10"]
[EventType "swiss"]
[EventRounds "9"]
[EventCountry "ESP"]
[SourceTitle "EXT 2024"]
[Source "ChessBase"]
[SourceDate "2023.10.10"]
[SourceVersion "1"]
[SourceVersionDate "2023.10.10"]
[SourceQuality "1"]

1. g3 d5 2. Bg2 Nf6 3. d3 Bf5 4. Nf3 e6 5. 0-0 c6 6. c4 dxc4 7. dxc4 Nbd7 8. Nc3 Bb4 9. Bd2 0-0 10. a3 Be7 11. Nh4 Bg4 12. h3 Bh5 13. g4 Ne8 14. Nf3 Bg6 15. Bf4 Bf6 16. Qc1 e5 17. Be3 h6 18. Rd1 Qc7 19. Nd2 Be7 20. b4 f5 21. f3 a5 22. c5 Kh7 23. Nc4 axb4 24. axb4 Rxa1 25. Qxa1 Nef6 26. Nd6 Bxd6 27. Rxd6 Ne8 28. Rd2 Nef6 29. Rd6 Re8 30. Bf2 Nf8 31. Qd1 Ne6 32. Bh4 Rd8 33. Rxd8 Qxd8 34. Qxd8 Nxd8 35. Bf2 Ne6 36. e3 Nc7 37. f4 exf4 38. gxf5 Bxf5 39. exf4 Na6 40. b5 cxb5 41. Nxb5 Ne4 42. Bd4 Naxc5 43. Be5 Kg6 44. Kf1 Nd7 45. Bc7 Nec5 46. Nd4 Be4 47. Nf3 b5 48. Ke2 b4 49. Nh4+ Kh5 50. Bxe4 Nxe4 51. Nf3 b3 52. Nd2 b2 53. Nb1 Kh4 54. Kf3 Nef6 55. Kg2 Nd5 56. Bd6 Ne3+ 57. Kh2 Kh5 58. Kg3 Nf5+ 0-1

[Event "Barcelona Sant Marti op 6th"]
[Site "Barcelona"]
[Date "2017.02.09"]
[Round "5"]
[White "Agut Alvarez, Josep Lluis"]
[Black "Bernat, Ernest"]
[Result "1/2-1/2"]
[WhiteElo "1759"]
[BlackElo "1898"]
[PlyCount "34"]
[EventDate "2017.01.12"]
[EventType "swiss"]
[EventRounds "9"]
[EventCountry "ESP"]
[SourceTitle "EXT 2018"]
[Source "ChessBase"]
[SourceDate "2017.10.13"]
[SourceVersion "1"]
[SourceVersionDate "2017.10.13"]
[SourceQuality "1"]

1. g3 d5 2. Bg2 Nf6 3. d3 g6 4. Nf3 Bg7 5. 0-0 0-0 6. c4 c6 7. Nc3 Nbd7 8. Qb3 Nc5 9. Qc2 dxc4 10. dxc4 Bf5 11. Qd1 Qxd1 12. Rxd1 Be6 13. Nd2 a5 14. Rb1 Rfd8 15. b3 Kf8 16. Ba3 Nfd7 17. Bb2 Nf6 1/2-1/2

[Event "Barcelona Primavera La Lira op 9th"]
[Site "Barcelona"]
[Date "2016.05.19"]
[Round "7"]
[White "Serentill Tost, Eduard"]
[Black "Agut Alvarez, Josep Lluis"]
[Result "1/2-1/2"]
[WhiteElo "1620"]
[BlackElo "1788"]
[PlyCount "41"]
[EventDate "2016.04.07"]
[EventType "swiss"]
[EventRounds "9"]
[EventCountry "ESP"]
[SourceTitle "CBM 172 Extra"]
[Source "ChessBase"]
[SourceDate "2016.06.21"]
[SourceVersion "1"]
[SourceVersionDate "2016.06.21"]
[SourceQuality "1"]

1. e4 g6 2. d4 Bg7 3. Nc3 d6 4. Be3 Nf6 5. Be2 0-0 6. Nf3 e5 7. h3 Nbd7 8. Qd2 Re8 9. dxe5 Nxe5 10. Nxe5 dxe5 11. 0-0-0 Qe7 12. Bg5 Be6 13. Bxf6 Bxf6 14. Nd5 Bxd5 15. Qxd5 c6 16. Qd6 Kf8 17. Rd3 Rad8 18. Qxe7+ Bxe7 19. Rhd1 Rxd3 20. Rxd3 Rd8 21. Kd2 1/2-1/2

[Event "Barcelona Primavera La Lira op 9th"]
[Site "Barcelona"]
[Date "2016.05.05"]
[Round "5"]
[White "Agut Alvarez, Josep Lluis"]
[Black "Gomez Fernandez, Miquel"]
[Result "1-0"]
[WhiteElo "1788"]
[BlackElo "1621"]
[PlyCount "55"]
[EventDate "2016.04.07"]
[EventType "swiss"]
[EventRounds "9"]
[EventCountry "ESP"]
[SourceTitle "CBM 172 Extra"]
[Source "ChessBase"]
[SourceDate "2016.06.21"]
[SourceVersion "1"]
[SourceVersionDate "2016.06.21"]
[SourceQuality "1"]

1. g3 d5 2. Bg2 c6 3. Nf3 Qc7 4. d4 Bg4 5. Ne5 Bf5 6. Bf4 Qc8 7. 0-0 f6 8. Nd3 Bh3 9. Nd2 g5 10. Be3 Nh6 11. f3 Bxg2 12. Kxg2 Nf5 13. Bf2 h5 14. e4 dxe4 15. fxe4 Nh6 16. h3 Nf7 17. Be3 g4 18. h4 Nd6 19. c3 Bh6 20. Bxh6 Rxh6 21. Qb3 Rh8 22. e5 Nf5 23. Rae1 fxe5 24. Rxe5 Rf8 25. Rexf5 Rxf5 26. Qg8+ Kd7 27. Qxc8+ Kxc8 28. Rxf5 1-0

[Event "Barcelona Sant Marti op-B 5th"]
[Site "Barcelona"]
[Date "2016.02.04"]
[Round "4"]
[White "Garcia Hernandez, Jose Luis"]
[Black "Agut Alvarez, Josep Lluis"]
[Result "0-1"]
[WhiteElo "1465"]
[BlackElo "1792"]
[PlyCount "126"]
[EventDate "2016.01.14"]
[EventType "swiss"]
[EventRounds "9"]
[EventCountry "ESP"]
[SourceTitle "EXT 2017"]
[Source "ChessBase"]
[SourceDate "2016.10.25"]
[SourceVersion "1"]
[SourceVersionDate "2016.10.25"]
[SourceQuality "1"]

1. e4 g6 2. d4 Bg7 3. Nf3 d6 4. Be3 Nf6 5. Nc3 0-0 6. Qd2 Ng4 7. Bf4 c5 8. h3 cxd4 9. hxg4 dxc3 10. bxc3 Qa5 11. Nd4 Nc6 12. Nb3 Qxc3 13. Rb1 Nb4 14. Bd3 Nxa2 15. Bh6 Qxd2+ 16. Nxd2 Nc3 17. Rb3 Na4 18. Bxg7 Kxg7 19. Be2 Nc5 20. Rbh3 Rh8 21. f4 Bd7 22. Rh6 f5 23. gxf5 gxf5 24. e5 dxe5 25. fxe5 Rac8 26. Bd1 Ne4 27. Nf3 Be8 28. Nd4 Bg6 29. Ne6+ Kf7 30. Nf4 Kg7 31. Nxg6 hxg6 32. Rxh8 Rxh8 33. Rxh8 Kxh8 34. g4 f4 35. Bf3 Nc5 36. Kd2 g5 37. Kc3 b6 38. Kc4 e6 39. Kd4 Kg7 40. Kc4 Kf7 41. Bc6 Ke7 42. Bf3 Kd7 43. Kb5 Kc7 44. Kc4 a5 45. c3 Nd7 46. Kd4 a4 47. Bd1 b5 48. c4 Kb6 49. cxb5 Kxb5 50. Be2+ Kb4 51. Bc4 Nxe5 52. Bxe6 Nf3+ 53. Ke4 Nh4 54. Kd3 Ka3 55. Kc3 Ng2 56. Bd5 Ne3 57. Bf3 Ka2 58. Kb4 a3 59. Kc3 Ka1 60. Kb3 a2 61. Be2 Kb1 62. Bd3+ Nc2 63. Bxc2+ Kc1 0-1

[Event "Barcelona Primavera La Lira op 8th"]
[Site "Barcelona"]
[Date "2015.05.28"]
[Round "8"]
[White "Palmero Castillo, Marcelino"]
[Black "Agut Alvarez, Josep Lluis"]
[Result "1/2-1/2"]
[WhiteElo "1647"]
[BlackElo "1792"]
[PlyCount "116"]
[EventDate "2015.04.09"]
[EventType "swiss"]
[EventRounds "9"]
[EventCountry "ESP"]
[SourceTitle "CBM 166 Extra"]
[Source "ChessBase"]
[SourceDate "2015.06.18"]
[SourceVersion "1"]
[SourceVersionDate "2015.06.18"]
[SourceQuality "1"]

1. e4 g6 2. d4 Bg7 3. Nf3 d6 4. Nc3 Nf6 5. Bd3 0-0 6. Bg5 Bg4 7. h3 Bxf3 8. Qxf3 Nc6 9. Qe3 Nb4 10. 0-0 Nxd3 11. Qxd3 c6 12. Rad1 h6 13. Bf4 g5 14. Bc1 Nh5 15. Qf3 Nf6 16. Ne2 d5 17. Ng3 e6 18. e5 Nd7 19. Qg4 Qe7 20. f4 f6 21. Nh5 Bh8 22. h4 f5 23. Qg3 g4 24. Qf2 Rac8 25. Bd2 b6 26. Rc1 Rc7 27. a3 Rfc8 28. b4 b5 29. Rfd1 Qf7 30. Ng3 Bg7 31. Nf1 Nb6 32. Ne3 Rd8 33. g3 Rcd7 34. c3 Bf8 35. Rc2 Nc4 36. Ra1 Nxe3 37. Bxe3 Be7 38. a4 Rc8 39. Bd2 Bd8 40. Rca2 Bb6 41. Qe2 bxa4 42. Rxa4 Qe8 43. Kg2 Qd8 44. Rc1 Qe8 45. Ra2 Qe7 46. Rac2 Rdc7 47. Qa6 Qd7 48. Kf1 Kf7 49. Ke2 Ke7 50. Kd3 Kf7 51. Be3 Rd8 52. Qa1 Ke7 53. Qb2 Kf7 54. c4 dxc4+ 55. Rxc4 Qd5 56. Qc3 Qe4+ 57. Ke2 Qf3+ 58. Kd3 Qe4+ 1/2-1/2

[Event "Barcelona Primavera La Lira op 8th"]
[Site "Barcelona"]
[Date "2015.05.21"]
[Round "7"]
[White "Agut Alvarez, Josep Lluis"]
[Black "Marques Soriano, Valentin"]
[Result "0-1"]
[WhiteElo "1792"]
[BlackElo "1807"]
[PlyCount "68"]
[EventDate "2015.04.09"]
[EventType "swiss"]
[EventRounds "9"]
[EventCountry "ESP"]
[SourceTitle "CBM 166 Extra"]
[Source "ChessBase"]
[SourceDate "2015.06.18"]
[SourceVersion "1"]
[SourceVersionDate "2015.06.18"]
[SourceQuality "1"]

1. g3 e5 2. Bg2 Nf6 3. d3 Be7 4. Nf3 d6 5. 0-0 0-0 6. c4 Nbd7 7. Nc3 c6 8. Rb1 Nc5 9. b4 Ne6 10. a3 Bd7 11. Bb2 Qc8 12. Rc1 Ng4 13. Nd2 f5 14. e4 Ng5 15. exf5 Bxf5 16. Nde4 Nh6 17. Rc2 Bh3 18. Nxg5 Bxg5 19. Ne4 Be7 20. f3 Bxg2 21. Kxg2 Nf5 22. Bc1 Qe8 23. Kh1 Qg6 24. Rg1 Rf7 25. Rf2 h6 26. f4 d5 27. cxd5 cxd5 28. Nc3 Qc6 29. Rc2 Nd4 30. Re2 Qxc3 31. Rxe5 Qc6 32. Bb2 Nf5 33. g4 d4+ 34. Rg2 Ne3 0-1

[Event "Barcelona Primavera La Lira op 8th"]
[Site "Barcelona"]
[Date "2015.05.14"]
[Round "6"]
[White "Bruinsma Oudwater, Radboud"]
[Black "Agut Alvarez, Josep Lluis"]
[Result "0-1"]
[WhiteElo "1683"]
[BlackElo "1792"]
[PlyCount "36"]
[EventDate "2015.04.09"]
[EventType "swiss"]
[EventRounds "9"]
[EventCountry "ESP"]
[SourceTitle "CBM 166 Extra"]
[Source "ChessBase"]
[SourceDate "2015.06.18"]
[SourceVersion "1"]
[SourceVersionDate "2015.06.18"]
[SourceQuality "1"]

1. e4 g6 2. d4 Bg7 3. Nf3 d6 4. Bc4 Nf6 5. Nc3 0-0 6. 0-0 Nxe4 7. Bxf7+ Rxf7 8. Nxe4 h6 9. Nh4 e5 10. Nxg6 Bf5 11. Qh5 Bxe4 12. Bxh6 Qf6 13. Bxg7 Qxg7 14. Qh8+ Qxh8 15. Nxh8 Kxh8 16. Rfe1 Bxc2 17. dxe5 dxe5 18. Rxe5 Nc6 0-1

[Event "Barcelona Primavera La Lira op 8th"]
[Site "Barcelona"]
[Date "2015.04.23"]
[Round "3"]
[White "Agut Alvarez, Josep Lluis"]
[Black "Torras Lemos, Marc"]
[Result "1-0"]
[WhiteElo "1792"]
[BlackElo "1561"]
[PlyCount "55"]
[EventDate "2015.04.09"]
[EventType "swiss"]
[EventRounds "9"]
[EventCountry "ESP"]
[SourceTitle "CBM 166 Extra"]
[Source "ChessBase"]
[SourceDate "2015.06.18"]
[SourceVersion "1"]
[SourceVersionDate "2015.06.18"]
[SourceQuality "1"]

1. g3 d5 2. Bg2 Nf6 3. d3 Nc6 4. Nf3 e6 5. 0-0 g6 6. Bf4 Bg7 7. Nc3 a6 8. d4 Bd7 9. Ne5 Nh5 10. Nxc6 Bxc6 11. Be3 Qe7 12. Nb1 Qb4 13. b3 Qe7 14. Nd2 0-0-0 15. Nf3 h6 16. Qd2 f5 17. Ne5 Bxe5 18. dxe5 g5 19. Bd4 f4 20. g4 Ng7 21. Qa5 Bb5 22. Rfe1 b6 23. Qd2 c5 24. Bb2 d4 25. a4 Bd7 26. Qd3 Be8 27. Qxa6+ Kb8 28. Qa8+ 1-0

[Event "Barcelona Primavera La Lira op 8th"]
[Site "Barcelona"]
[Date "2015.04.09"]
[Round "1"]
[White "Agut Alvarez, Josep Lluis"]
[Black "Serrano Pertinez, Miquel"]
[Result "0-1"]
[WhiteElo "1792"]
[BlackElo "2073"]
[PlyCount "46"]
[EventDate "2015.04.09"]
[EventType "swiss"]
[EventRounds "9"]
[EventCountry "ESP"]
[SourceTitle "CBM 166 Extra"]
[Source "ChessBase"]
[SourceDate "2015.06.18"]
[SourceVersion "1"]
[SourceVersionDate "2015.06.18"]
[SourceQuality "1"]

1. g3 c5 2. Bg2 Nc6 3. d3 d5 4. Nf3 e6 5. 0-0 g6 6. Nc3 Bg7 7. Bf4 Nge7 8. Qc1 h6 9. e4 d4 10. Ne2 e5 11. Bd2 Bg4 12. h3 Be6 13. Ne1 Qd7 14. Kh2 g5 15. f4 exf4 16. gxf4 0-0-0 17. a3 f5 18. Ng3 gxf4 19. Bxf4 Rdf8 20. b4 fxe4 21. Nxe4 Rxf4 22. Rxf4 Be5 23. bxc5 Ng6 0-1

[Event "Barcelona Sant Marti op-B 4th"]
[Site "Barcelona"]
[Date "2015.03.12"]
[Round "9"]
[White "Agut Alvarez, Josep Lluis"]
[Black "Pascual Gonzalez, Novelles Carle"]
[Result "0-1"]
[WhiteElo "1920"]
[BlackElo "1990"]
[PlyCount "62"]
[EventDate "2015.01.15"]
[EventType "swiss"]
[EventRounds "9"]
[EventCountry "ESP"]
[SourceTitle "EXT 2016"]
[Source "ChessBase"]
[SourceDate "2015.10.08"]
[SourceVersion "1"]
[SourceVersionDate "2015.10.08"]
[SourceQuality "1"]

1. e4 e6 2. d4 d5 3. Nc3 Bb4 4. e5 c5 5. a3 Bxc3+ 6. bxc3 Qc7 7. Nf3 Ne7 8. Bd3 Nbc6 9. 0-0 Bd7 10. a4 cxd4 11. cxd4 Nb4 12. Bb2 Nxd3 13. cxd3 0-0 14. Nh4 f5 15. f4 a5 16. Nf3 Nc6 17. Qb3 Nb4 18. Rfc1 Qb8 19. Ba3 b5 20. axb5 Qxb5 21. Bxb4 Qxb4 22. Qxb4 axb4 23. Rab1 Rfb8 24. Rc7 Be8 25. Nd2 Ra3 26. Rb3 Ba4 27. Rxa3 bxa3 28. Rc1 Rb2 29. Nb1 a2 30. Nc3 Bc2 31. Ra1 Rb1+ 0-1

[Event "Barcelona Sant Marti op-B 4th"]
[Site "Barcelona"]
[Date "2015.01.22"]
[Round "2"]
[White "Cervera Lopez, Miguel"]
[Black "Agut Alvarez, Josep Lluis"]
[Result "1-0"]
[WhiteElo "1794"]
[BlackElo "1920"]
[PlyCount "77"]
[EventDate "2015.01.15"]
[EventType "swiss"]
[EventRounds "9"]
[EventCountry "ESP"]
[SourceTitle "EXT 2016"]
[Source "ChessBase"]
[SourceDate "2015.10.08"]
[SourceVersion "1"]
[SourceVersionDate "2015.10.08"]
[SourceQuality "1"]

1. e4 Nf6 2. d3 e5 3. Nf3 Nc6 4. Bg5 Be7 5. Nc3 d6 6. Qd2 Be6 7. d4 exd4 8. Nxd4 Nxd4 9. Qxd4 c6 10. Bc4 Bxc4 11. Qxc4 0-0 12. 0-0-0 Ng4 13. Bxe7 Qxe7 14. Qe2 Nf6 15. f3 Rfe8 16. Rhe1 Qc7 17. f4 Rad8 18. Qf3 Rd7 19. g4 Rde7 20. g5 Nd7 21. h4 f5 22. gxf6 Nxf6 23. Rd4 c5 24. Nd5 Nxd5 25. Rxd5 Re6 26. f5 Re5 27. Rxe5 Rxe5 28. Rd1 Qe7 29. f6 Qxf6 30. Qxf6 gxf6 31. Rxd6 Kf7 32. Rd7+ Re7 33. Rxe7+ Kxe7 34. c3 b6 35. c4 a6 36. b3 b5 37. cxb5 axb5 38. a4 Kd6 39. axb5 1-0